Social effects mass media / (Record no. 38543)

MARC details
000 -LEADER
fixed length control field 00751nam a22002057a 4500
005 - DATE AND TIME OF LATEST TRANSACTION
control field 20100802113133.0
010 ## - LCCN (DPL NO)
LC control number ENG-97272
020 ## - INTERNATIONAL STANDARD BOOK NUMBER
International Standard Book Number 9788184351064
Terms of availability 795.00
035 ## - SYSTEM CONTROL NUMBER
System control number EN-80805
037 ## - SOURCE OF ACQUISITION
Source of stock number/acquisition DBAD/PUB
082 ## - DEWEY DECIMAL CLASSIFICATION NUMBER
Classification number 302.23
100 ## - MAIN ENTRY--PERSONAL NAME
Personal name Yadav, K.P
245 ## - TITLE STATEMENT
Title Social effects mass media /
Statement of responsibility, etc by K.P Yadav
260 ## - PUBLICATION, DISTRIBUTION, ETC. (IMPRINT)
Place of publication, distribution, etc New Delhi
Name of publisher, distributor, etc Adhyayan Publishers & Distributors
Date of publication, distribution, etc 2009
270 ## - ADDRESS
Address 4378/B,105,J.M.D. House,Murari lal street ansariroad,Darya Ganj,
City New Delhi
Postal code 110002
300 ## - PHYSICAL DESCRIPTION
Extent 289p.
Dimensions 23 cm(Hb)
500 ## - GENERAL NOTE
General note Includes indexes.
942 ## - ADDED ENTRY ELEMENTS (KOHA)
Source of classification or shelving scheme Dewey Decimal Classification
Item type English Books
Classification part 302.23
Call number suffix YAD
Holdings
Withdrawn status Lost status Not for loan Collection code Home library Current library Date acquired Source of acquisition Cost, normal purchase price Full call number Barcode Copy number Cost, replacement price Koha item type
    Not For Loan Non-fiction D.B.Act.Division D.B.Act.Division 02/08/2010 DBAD/PUB 795.00 302.23 YAD EN-80805 1 795.00 English Books

© Delhi Public Library
Hit Counter
free hit counter